| 000 | 00978nam a2200241Ia 4500 | ||
|---|---|---|---|
| 001 | 17166 | ||
| 003 | GE_BSU | ||
| 008 | 181216s||||||||xx |||||||||||||| ||und|| | ||
| 040 | _cGE_BSU | ||
| 080 | _a910.4(6) + 821.161.1-32 | ||
| 100 | _aსტრაჟევსკი, ა. | ||
| 245 | _aჭეშმარიტება სიცოცხლის ფასად | ||
| 245 | _bისტ.-გეოგრ. მოთხრობა | ||
| 245 | _cთარგმანი ბ. სიხარულიძისა. რედ. გ. კუბლაშვილი | ||
| 260 | _aთბილისი | ||
| 260 | _bსაბჭ. საქართველო | ||
| 260 | _c1967 | ||
| 300 | _a390გვ. : ილ. ; 21სმ. | ||
| 653 | _aისტ.-გეოგრ. მოთხრობა | ||
| 653 | _aმოგზაურობა აფრიკაში | ||
| 653 | _aჭეშმარიტება სიცოცხლის ფასად | ||
| 942 | _cBK | ||
| 999 |
_c50228 _d50228 |
||